| 000 | 00344 a2200109 4500 | ||
|---|---|---|---|
| 020 | _a0470841990 | ||
| 082 | _a620.1123015 MUN | ||
| 100 | _aMunjiza, Antonio | ||
| 245 |
_aThe Combined finite Discrete Element Method _cAntonio Munjiza |
||
| 260 |
_aEngland : _bJohn Wiley and Sons, _c2004 |
||
| 300 |
_ax, 333p. : _bill . ; _c29 cm |
||
| 650 | _aDeformations -- Mathematical models | ||
| 999 |
_c819 _d819 |
||